000 00271nam a2200109Ia 4500
008 200302s9999 xx 000 0 und d
100 _aSarah palmer
245 _a10 Airports Frentress Bradburn Architects
260 _bEdizioni America
260 _c2006
300 _a144 P.,
999 _c5766
_d5766